European Integration and East-West Relations / (Record no. 565221)
[ view plain ]
| 000 -LEADER | |
|---|---|
| fixed length control field | 00439nam a2200121Ia 4500 |
| 008 - FIXED-LENGTH DATA ELEMENTS--GENERAL INFORMATION | |
| fixed length control field | 210430s9999 xx 000 0 und d |
| 082 ## - DEWEY DECIMAL CLASSIFICATION NUMBER | |
| Classification number | 337.14 K 2911 E |
| 100 ## - MAIN ENTRY--PERSONAL NAME | |
| Personal name | Clare Keller, Harriet Matejka and Karol nyiri |
| 9 (RLIN) | 54595 |
| 245 ## - TITLE STATEMENT | |
| Title | European Integration and East-West Relations / |
| Statement of responsibility, etc. | Clare Keller, Harriet Matejka and Karol nyiri |
| 260 ## - PUBLICATION, DISTRIBUTION, ETC. | |
| Place of publication, distribution, etc. | Geneva |
| Name of publisher, distributor, etc. | Graduate institute of International Studies |
| Date of publication, distribution, etc. | 1990 |
| 300 ## - PHYSICAL DESCRIPTION | |
| Extent | 141 |
| 942 ## - ADDED ENTRY ELEMENTS (KOHA) | |
| Koha item type | Book |
| Source of classification or shelving scheme | |
| Withdrawn status | Lost status | Source of classification or shelving scheme | Damaged status | Not for loan | Permanent Location | Current Location | Shelving location | Date acquired | Full call number | Barcode | Date last seen | Price effective from | Koha item type |
|---|---|---|---|---|---|---|---|---|---|---|---|---|---|
| School of Chemical & Materials Engineering (SCME) | School of Chemical & Materials Engineering (SCME) | General Stacks | 09/15/4 | 327.4 K 2911 E | SCME-4510 | 04/30/2021 | 04/30/2021 | Book |
